<?xml version="1.0" encoding="UTF-8"?>
<collection xmlns="http://www.loc.gov/MARC21/slim">
 <record>
  <leader>     na                 </leader>
  <controlfield tag="001">INLIS000000000003452</controlfield>
  <controlfield tag="005">20211210092303</controlfield>
  <datafield tag="035" ind1=" " ind2=" ">
   <subfield code="a">0010-0621003052</subfield>
  </datafield>
  <controlfield tag="008">211210                g          0 ind  </controlfield>
  <datafield tag="245" ind1="1" ind2=" ">
   <subfield code="a">Tourism, Trade, Investment :</subfield>
   <subfield code="b">Yogya Dalam Bingkai Otonomi</subfield>
  </datafield>
  <datafield tag="100" ind1="1" ind2=" ">
   <subfield code="a">Sugiantoro, Ronny</subfield>
  </datafield>
  <datafield tag="260" ind1=" " ind2=" ">
   <subfield code="a">Yogyakarta :</subfield>
   <subfield code="b">Bigraf Publishing,</subfield>
   <subfield code="c">2001</subfield>
  </datafield>
  <datafield tag="300" ind1=" " ind2=" ">
   <subfield code="a">184 hlm. ;</subfield>
   <subfield code="c">21 cm.</subfield>
  </datafield>
  <datafield tag="020" ind1=" " ind2=" ">
   <subfield code="a">979-8680-57-10</subfield>
  </datafield>
  <datafield tag="084" ind1=" " ind2=" ">
   <subfield code="a">338.478 23 SUG t</subfield>
  </datafield>
  <datafield tag="520" ind1=" " ind2=" ">
   <subfield code="a">TOURISM,TRADE,INVESTMENT : yogya dalam bingkai otonomi.Ketika berbicara mengenai sebuah nama, dengan sendirinya kita teringat pada si pemilik nama, bagaimana rupanya, tingkah polahnya, karakteristiknya, keunikannya, karyanya, dan lain-lain. Nama seolah melekat erat, memberi identitas dan membedakan. Maka ada Pak Rejo tukang kayu yang tentu saja berbeda dengan Pak Guno yang guru, dan sebagainya. Nama kemudian menjadi semacam brand merek, yang mencirikan. Kalau kemudian Yogyakarta memiliki nama lain, itu tak lepas dari upaya mere-identify dirinya. Kita tahu, bahwa Yogyakarta memiliki banyak ciri khas dan predikat. Banyak pula keunikan yang rasanya sayang bila dilewatkan begitu saja. Keberadaannya sebagai bagian dari lingkup lndonesia kiranya menjadi kurang menguntungkan dalam kaitannya dengan aspek pemasaran di dunia pariwisata intemasional, seiring dengan mundurnya kondisi sosial-politik-ekonomi Indonesia. Apalagi kini diberlakukan otonomi Daerah yang mengharuskan daerah untuk mandiri. Oleh karena itu, dengan memposisikan diri lebih luas - sebagai bagian dari Asia - maka potensi-potensi ini dapat dikembangkan lebih baik. Jogja : Neuer Ending Asia , agaknya rnenjadi momentum kelahiran kembali Yogyakarta. Seluruhnya, sesuai dengan judul bukunya, terkait dengan pariwisata, perdagangan dan investasi di Yogyakarta. Mulai dari makanan hingga penataan kota. Mulai dari industri kecil hingga menyentil pengusaha papan atas dan kalangan birokrat Yogya. Dengan gamblang,di sini disajikan permasalahan sekaligus gagasan pemecahannya. Bahkan di bagian lain, disajikan kisah-kisah sukses yang patut ditiru. Maka alangkah baik bila buku ini dibaca oleh berbagai kalangan. Baik pengusaha, investor, birokrat, pemerhati pariwisata, dosen, hingga masyarakat umum. Mungkin, kita bisa berharap akan tumbuh wirausahawan-wirausahawan baru di dunia pariwisata yang mampu menangkap peluang . By - Epy</subfield>
  </datafield>
  <datafield tag="082" ind1=" " ind2=" ">
   <subfield code="a">338.478 23</subfield>
  </datafield>
  <datafield tag="650" ind1=" " ind2="4">
   <subfield code="a">Pariwisata</subfield>
  </datafield>
  <datafield tag="650" ind1=" " ind2="4">
   <subfield code="a">Yogyakarta</subfield>
  </datafield>
  <datafield tag="990" ind1=" " ind2=" ">
   <subfield code="a">06340</subfield>
  </datafield>
  <datafield tag="990" ind1=" " ind2=" ">
   <subfield code="a">023266</subfield>
  </datafield>
  <datafield tag="990" ind1=" " ind2=" ">
   <subfield code="a">023266</subfield>
  </datafield>
  <datafield tag="990" ind1=" " ind2=" ">
   <subfield code="a">023267</subfield>
  </datafield>
  <datafield tag="990" ind1=" " ind2=" ">
   <subfield code="a">023268</subfield>
  </datafield>
  <datafield tag="990" ind1=" " ind2=" ">
   <subfield code="a">023269</subfield>
  </datafield>
  <datafield tag="990" ind1=" " ind2=" ">
   <subfield code="a">023270</subfield>
  </datafield>
 </record>
</collection>
